Guia de l'alumnat 2004/2005 / Escola de Viticultura i Enologia Mercè Rossell i Domènech
Descripción Física:
26 p. ; 21 cm
MARC
| LEADER | 00000nam a2200000Ia 4500 | ||
|---|---|---|---|
| 001 | 16639 | ||
| 008 | 160829s2004 xx 000 0 cat d | ||
| 080 | |a FU-45-4 | ||
| 110 | 2 | |a Escola de Viticultura i Enologia Mercè Rossell i Domènech |9 56222 | |
| 245 | |a Guia de l'alumnat 2004/2005 / Escola de Viticultura i Enologia Mercè Rossell i Domènech | ||
| 260 | |a Barcelona : |b Diputació de Barcelona, Àrea d'Educació, |c 2004 | ||
| 300 | |a 26 p. ; |c 21 cm | ||
| 590 | |a A la portada: Membre de la Xarxa Europea d'Escoles Vitivinícoles | ||
| 610 | 2 | 0 | |a Escola de Viticultura i Enologia Mercè Rossell i Domènech |v Currículums |9 56223 |
| 650 | |a Viticultura |x Ensenyament |9 36037 | ||
| 710 | |a Barcelona (Catalunya : Província). |b Àrea d'Educació |9 8009 | ||
| 901 | |a Arxiu | ||
| 942 | |n 1 | ||
| 952 | |0 0 |1 0 |4 0 |7 1 |9 43142 |a Arxiu |b Arxiu |d 2016-12-01 |h 2004-2005 |o FU-45-4 |p 16639 |r 2016-12-01 00:00:00 |w 2016-12-01 |y ARXIU | ||
| 999 | |c 45686 |d 45686 | ||